000 00391nam a2200169Ia 4500
008 230524s9999 xx 000 0 und d
020 _a9788120329591
082 _a658.45
_bKEV
100 _aS.Kevin
245 0 _aPortfolio Management
250 _a2ND
260 _aNEW DELHI
_bPHI
_c2008
300 _aVIII;224
500 _aQuantity Number: 2
650 _aManagement
942 _cBK
999 _c43162
_d43162